000 01158nam a2200241Ia 4500
003 Ost
005 20260507075211.0
008 260507s9999||||xx |||||||||||||| ||und||
020 _a60208299579
040 _cfsecg
041 _aara
082 _a330
100 _aسلامة، مصطفى صالح
_eمؤلف
245 0 _aمفاهيم حديثة في الرقابة الداخلية و المالية /
_c مصطفى صالح سلامة
260 _aعمان:
_bدار البداية,
_c2009
300 _a235 صفحة؛
_bإيضاحات ؛
_c24 سم
504 _aمراجع ص.235
520 _aالرقابة بالتطرق الى اهدافها ، دورتها وسائلها ، مسؤولياتها و أدواتها والرقابة الداخلية و العوامل المساعدة على تطورها بالاضافة الى القواعد العامة لتدقيق الحسابات والتدقيق على الاستثمارات الماليةوكذا آداب وسلوك المهنة.
653 _aإدارة الاعمال
653 _aالتدقيق المالي
653 _aالرقابة المالية
942 _cكتاب
999 _c43465
_d43465